[Event "AUTO-INT-915"]
[Site "http://www.queenalice.com/game.php?id=409277"]
[Date "2008.5.27"]
[Round "1"]
[White "Zerlene"]
[Black "marcovidica"]
[Result "1-0"]
[WhiteElo "1651"]
[BlackElo "1714"]

1. e4 e5 2. Nf3 Nc6 3. d4 exd4 4. Bc4 h6 5. Nxd4 Nxd4 6. Qxd4 c5 7. Qd5 Qe7 8.
O-O Nf6 9. Qd3 Qe5 10. Nc3 Ng4 11. f4 Qd4+ 12. Qxd4 cxd4 13. Nd5 Bd6 14. e5 Bb8
15. h3 Ne3 16. Nxe3 dxe3 17. Bxe3 O-O 18. Bc5 Re8 19. Rad1 b6 20. Bd5 bxc5 21.
Bxa8 Ba6 22. Rfe1 d6 23. exd6 Rxe1+ 24. Rxe1 Bxd6 25. g3 g5 26. fxg5 Bxg3 27.
Re8+ Kg7 28. gxh6+ Kxh6 29. Re7 f5 30. Re6+ 1-0

[Event "AUTO-INT-915"]
[Site "http://www.queenalice.com/game.php?id=409290"]
[Date "2008.5.27"]
[Round "1"]
[White "erivaldoadao"]
[Black "Zerlene"]
[Result "0-1"]
[WhiteElo "1666"]
[BlackElo "1634"]

1. e4 e5 2. Nf3 Nc6 3. Bb5 a6 4. Ba4 Nf6 5. Nc3 Bc5 6. O-O b5 7. Bb3 d6 8. d3
Bg4 9. h3 Bxf3 10. Qxf3 Nd4 11. Qd1 O-O 12. Nd5 c6 13. Nxf6+ Qxf6 14. Be3 Qg6
15. Bxd4 Bxd4 16. c3 Bb6 17. a4 Qg5 18. d4 exd4 19. cxd4 Qf6 20. a5 Bxd4 21. Rc1
c5 22. Rc2 Bxb2 0-1

[Event "AUTO-INT-915"]
[Site "http://www.queenalice.com/game.php?id=409291"]
[Date "2008.5.27"]
[Round "1"]
[White "Zerlene"]
[Black "erivaldoadao"]
[Result "0-1"]
[WhiteElo "1647"]
[BlackElo "1640"]

1. e4 e5 2. Nf3 d6 3. Bc4 Be7 4. d4 exd4 5. Qxd4 Nf6 6. O-O O-O 7. Nc3 c5 8. Qd3
Nc6 9. a3 Na5 10. Ba2 Bg4 11. Bf4 c4 12. Bxc4 Nxc4 13. Qxc4 Bxf3 14. gxf3 Nh5
15. Bg3 Nxg3 16. hxg3 a6 17. Rad1 Rc8 18. Qd5 Rc5 19. Qxb7 Bf6 20. Qxa6 Bxc3 21.
bxc3 Rxc3 22. f4 Rxc2 23. a4 Ra2 24. Rxd6 Qb8 25. Rd5 h6 26. a5 Qb4 0-1

[Event "AUTO-INT-915"]
[Site "http://www.queenalice.com/game.php?id=409298"]
[Date "2008.5.27"]
[Round "1"]
[White "Rajko"]
[Black "Zerlene"]
[Result "0-1"]
[WhiteElo "1552"]
[BlackElo "1670"]

1. e4 e5 2. Nf3 Nc6 3. c4 Bc5 4. d3 h6 5. Be2 Nf6 6. O-O d6 7. h3 Be6 8. Nc3 O-O
9. Nd5 Nd4 10. Nxd4 Bxd4 11. Rb1 c6 12. Nc3 Qb6 13. Bd2 Rac8 14. b4 Qc7 15. Bf3
Rfd8 16. Ne2 c5 17. b5 d5 18. exd5 Bf5 19. Be1 e4 20. dxe4 Nxe4 0-1

[Event "QA-ANNIV-04"]
[Site "http://www.queenalice.com/game.php?id=418444"]
[Date "2008.6.16"]
[Round "1"]
[White "Zerlene"]
[Black "Melchiorvsky"]
[Result "0-1"]
[WhiteElo "1651"]
[BlackElo "1940"]

1. e4 e5 2. Nf3 Nc6 3. d4 exd4 4. Bc4 h6 5. Nxd4 Bc5 6. Nxc6 Qf6 7. O-O Qxc6 8.
Qd5 Qxd5 9. Bxd5 Ne7 10. Nc3 O-O 11. Bf4 Nxd5 12. Nxd5 c6 13. Nc7 g5 14. Bg3 Rb8
15. Na6 Bxf2+ 16. Rxf2 Ra8 17. Nc7 Rb8 0-1

[Event "AUTO-INT-915"]
[Site "http://www.queenalice.com/game.php?id=469889"]
[Date "2008.9.28"]
[Round "2"]
[White "kretin_alan"]
[Black "Zerlene"]
[Result "1-0"]
[WhiteElo "1699"]
[BlackElo "1662"]

1. d4 d5 2. Nf3 Nf6 3. Bf4 Bf5 4. e3 e6 5. a3 c6 6. Nbd2 Bd6 7. Bxd6 Qxd6 8. c4
Nbd7 9. b4 O-O 10. c5 Qc7 11. Be2 b6 12. O-O bxc5 13. bxc5 e5 14. Ng5 exd4 15.
exd4 h6 16. Ngf3 Ne4 17. Nxe4 dxe4 18. Ne5 Nxe5 19. dxe5 Qxe5 20. Rc1 Rfd8 21.
Qc2 e3 22. Qc4 Rd4 23. Qa6 1-0

[Event "AUTO-INT-915"]
[Site "http://www.queenalice.com/game.php?id=469890"]
[Date "2008.9.28"]
[Round "2"]
[White "Zerlene"]
[Black "kretin_alan"]
[Result "1-0"]
[WhiteElo "1645"]
[BlackElo "1677"]

1. e4 c6 2. d4 d5 3. exd5 cxd5 4. Nf3 g6 5. Bf4 Nc6 6. c3 Bg7 7. Bd3 Bh6 8. Qd2
Bxf4 9. Qxf4 Nf6 10. O-O O-O 11. Nbd2 b6 12. Ne5 Nxe5 13. dxe5 Nh5 14. Qh6 d4
15. Be4 Rb8 16. Nf3 f6 17. exf6 exf6 18. Rad1 f5 19. Rxd4 Qc7 20. Bd5+ Rf7 21.
Ng5 1-0

[Event "AUTO-INT-1375"]
[Site "http://www.queenalice.com/game.php?id=618152"]
[Date "2009.7.13"]
[Round "1"]
[White "Zerlene"]
[Black "dtrainey"]
[Result "0-1"]
[WhiteElo "1615"]
[BlackElo "1553"]

1. e4 c5 2. d3 d5 3. exd5 Qxd5 4. Nc3 Qe6+ 5. Be3 h6 6. Be2 Nd7 7. Nf3 Ngf6 8.
Qd2 a6 9. O-O Qc6 10. Rfd1 e5 0-1